Т. 16, № 3; Koreana

التفاصيل البيبلوغرافية
Parent link:Koreana: Корейская культура и искусство/ Корейский фонд международных обменов. Т. 16, № 3.— , 2015-
اللغة:الروسية
منشور في: 2020
التنسيق: MixedMaterials كتاب
KOHA link:https://koha.lib.tpu.ru/cgi-bin/koha/opac-detail.pl?biblionumber=586079

MARC

LEADER 00000nam2a2200000 4500
001 586079
005 20231101131340.0
035 |a (RuTPU)RU\TPU\prd\288586 
090 |a 586079 
100 |a 20210224a20169999k y0rusy50 ca 
101 0 |a rus 
102 |a KR 
200 0 |a Т. 16, № 3 
210 |d 2020 
461 1 |0 (RuTPU)RU\TPU\prd\259105  |t Koreana  |o Корейская культура и искусство  |f Корейский фонд международных обменов  |v Т. 16, № 3  |d 2015- 
801 0 |a RU  |b 63413507  |c 20010227  |g PSBO 
801 1 |a RU  |b 63413507  |c 20210224 
942 |c BK 
999 |a НТБ_ТПУ  |b ЧЗПИ  |e -1/20210108  |p в/х  |u 0,00  |v 1